| 000 | 00609nam a2200217 u 4500 | ||
|---|---|---|---|
| 005 | 20250319063745.0 | ||
| 008 | 090401s2002 r 000 0 eng d | ||
| 020 | _a8446016354 | ||
| 035 | _aUPN01000170193 | ||
| 049 | _aCG | ||
| 050 | 4 |
_aGV181.4 _bF6.4 |
|
| 245 | 1 | 0 |
_aFolklore musical infantil / _cJuan Mari Beltrán ... [et al.]. |
| 260 |
_aMadrid : _bAkal, _c2002. |
||
| 300 |
_a168 p. : _bil. |
||
| 440 | 0 |
_aDidáctica de la música ; _v6 |
|
| 650 | 4 |
_aRecreación _94889 |
|
| 650 | 4 |
_aFolklore _9969 |
|
| 650 | 4 |
_aCultura popular _912743 |
|
| 700 | 1 |
_aMari Beltrán, Juan, _ecoaut. |
|
| 905 | _aLibro | ||
| 999 |
_c142299 _d142299 |
||